000 00301nam a22001457a 4500
008 210311b ||||| |||| 00| 0 eng d
020 _a0030019273
041 _aeng
080 _a53
082 _a53
100 _a43
101 _aFIZ
245 _aPhysical Science
_cRamsey,L.W
942 _2udc
_cBK
999 _c56316
_d56316